| 000 | 00683nam a2200205 a 4500 | ||
|---|---|---|---|
| 005 | 20140310183603.0 | ||
| 008 | 120623s19uu xx 00 eng d | ||
| 020 | _a9718961445 | ||
| 050 |
_aPN 1994 _b.D949 2010 |
||
| 100 | _aDurano, Joseph H. | ||
| 245 |
_aImplementing rules and regulation of R.A. 9593 / _botherwise known as the tourism act of 2009. _csigned by Joseph H. Durano. |
||
| 260 |
_aManila, Philippines : _bAVB Printing Press, _c2010. |
||
| 300 |
_a178 p. : _c23 cm. |
||
| 500 | _aRA 9593 | ||
| 521 | _aTOU | ||
| 650 |
_aTourism _xGovernment policy _xPhilippines |
||
| 650 |
_aTourism _xLaw and legislation _xPhilippines. |
||
| 942 |
_cBK _2lcc _kFOR |
||
| 999 |
_c25121 _d25121 |
||